000
00247nam a2200109Ia 4500
008
170620s9999 xx 000 0 und d
100
_a
GUPTA- R.K
245
0
_a
OPERATION RESEARCH
260
_b
KRISHNA PRAKASHAN MEERUT
260
_c
2013
300
_a
688
546
_a
ENGLISH
999
_c
29962
_d
29962